Hukum perkawinan seorang Muslim dengan wanita pemeluk agama lain. (Record no. 88818)

MARC details
000 -LEADER
fixed length control field 00620cam a22002171 4500
001 - CONTROL NUMBER
control field sa 68019099
003 - CONTROL NUMBER IDENTIFIER
control field DLC
005 - DATE AND TIME OF LATEST TRANSACTION
control field 20260227112716.0
008 - FIXED-LENGTH DATA ELEMENTS--GENERAL INFORMATION
fixed length control field 740327s1967 xx 000 0 ind
010 ## - LIBRARY OF CONGRESS CONTROL NUMBER
LC control number sa 68019099
035 ## - SYSTEM CONTROL NUMBER
System control number (OCoLC)843670
040 ## - CATALOGING SOURCE
Original cataloging agency DLC
Transcribing agency OAU
Modifying agency DLC
042 ## - AUTHENTICATION CODE
Authentication code premarc
050 00 - LIBRARY OF CONGRESS CALL NUMBER
Classification number LAW <Indonesia 7 Sobi 1967>
100 1# - MAIN ENTRY--PERSONAL NAME
Personal name Sobirin, Mohammad.
245 10 - TITLE STATEMENT
Title Hukum perkawinan seorang Muslim dengan wanita pemeluk agama lain.
260 ## - PUBLICATION, DISTRIBUTION, ETC.
Place of publication, distribution, etc. Surabaja,
Name of publisher, distributor, etc. Pustaka Djaja
Date of publication, distribution, etc. [1967?]
300 ## - PHYSICAL DESCRIPTION
Extent 58 p.
Dimensions 22 cm.
504 ## - BIBLIOGRAPHY, ETC. NOTE
Bibliography, etc. note Bibliography: p. 58.
650 #0 - SUBJECT ADDED ENTRY--TOPICAL TERM
Topical term or geographic name entry element Interfaith marriage (Islamic law)

No items available.

Powered by Koha